Kardashianki - Statystyki

Ogólne statystyki
  • Ten quiz został rozwiązany 389 razy
  • Średni wynik to 5 z 6
Statystyki odpowiedzi
Hint Odpowiedź % Poprawnych
Kardashian Kim
100%
Jenner Kylie
92%
Jenner Kendall
84%
Jenner Kris
81%
Kardashian Khloe
76%
Jenner Kourtney
69%
Nie znaleziono quizów pasujących do podanych kryteriów
Rozkład punktacji
Procent ludzi z każdym wynikiem
Percentyl według liczby udzielonych odpowiedzi
Twoja historia wyników
Nie rozwiązałeś tego quizu